Modern Family Quiz - Statistics

General Stats
  • This quiz has been taken 276 times
  • The average score is 5 of 10
Answer Stats
Question Hint Answer % Correct
What character has the first line in the show? Claire
91%
What niche hobby does Phil have?/ Not tumbling or cheerleading Magic
62%
What is Andy's surname? Bailey
56%
What song does Cam use to introduce Lily to the family? Circle of Life
53%
What do Phil and Claire turn on at the end of the last episode? The porch light
52%
Who is Phil's professional archnemesis? Gill Thorpe
46%
What is the name of Gloria's sister Sonia
45%
Who is Mitch's godfather? Shorty
32%
How many episodes of Modern Family is there? 250
31%
Where do Cam and Mitch get married? Jay's golf club
15%
No matching quizzes found
Score Distribution
Percent of People with Each Score
Percentile by Number Answered
Your Score History
You have not taken this quiz